Statistics for U.K. Counties - Map Quiz

Click here to take the quiz!

General Stats

  • This quiz has been taken 45 times
  • The average score is 30 of 96

Answers on the Map

Answers color-coded by a green-red scale on the quiz's map according to % correct below.
 

Answer Stats

Answer% Correct
Devon
74%
Durham
74%
Norfolk
70%
Rutland
70%
Shetland
67%
Kent
63%
South Yorkshire
63%
Cumbria
59%
Berkshire
56%
Wiltshire
52%
Nottinghamshire
48%
Shropshire
48%
Argyll and Bute
44%
Greater Manchester
44%
Herefordshire
44%
North Yorkshire
44%
Suffolk
44%
Surrey
44%
Western Isles
44%
West Sussex
44%
Lancashire
41%
Oxfordshire
41%
Antrim
37%
Cheshire
37%
Gloucestershire
37%
Greater London
37%
Hertfordshire
37%
Inverness
37%
West Glamorgan
37%
Buckinghamshire
33%
Mid Glamorgan
33%
Northamptonshire
33%
South Glamorgan
33%
West Midlands
33%
Caithness
30%
Cambridgeshire
30%
Cornwall
30%
Dorset
30%
Down
30%
Dunbartonshire
30%
Dyfed
30%
Fermanagh
30%
Hampshire
30%
Isle of Wight
30%
Merseyside
30%
Mid Lothian
30%
Moray
30%
Northumberland
30%
Perth and Kinross
30%
Renfrewshire
30%
Somerset
30%
Tyrone
30%
Angus
26%
Aryshire and Arran
26%
Berwickshire
26%
Bristol
26%
City of Aberdeen
26%
Derbyshire
26%
East Lothian
26%
East Sussex
26%
Fife
26%
Lincolnshire
26%
Orkney
26%
Tyne and Wear
26%
Aberdeen
22%
Banffshire
22%
Bedfordshire
22%
East Riding of Yorkshire
22%
Essex
22%
Gwynedd
22%
Kincardineshire
22%
Leicestershire
22%
Londonderry
22%
Ross and Cromarty
22%
Stewartry of Kirkcudbright
22%
Wigtown
22%
Armagh
19%
City of Dundee
19%
Clackmannanshire
19%
Roxburgh, Ettrick and Lauderdale
19%
Staffordshire
19%
Warwickshire
19%
West Yorkshire
19%
Worcestershire
19%
City of Edinburgh
15%
Lanarkshire
15%
Powys
15%
Sutherland
15%
Tweeddale
15%
West Lothian
15%
City of Glasgow
11%
Clwyd
11%
Gwent
11%
Nairn
11%
Stirling and Falkirk
11%
Dumfriesshire
4%

Score Distribution

Percentile by Number Answered

Percent of People with Each Score

Your Score History

You have not taken this quiz